[Event "TCh-GEO Club 2014"]
[Site "Ureki GEO"]
[Date "2014.09.27"]
[Round "1.1"]
[White "Morchiashvili, Bachana"]
[Black "Gelashvili, Tamaz"]
[Result "1-0"]
[WhiteTitle "IM"]
[BlackTitle "GM"]
[WhiteElo "2327"]
[BlackElo "2565"]
[WhiteTeam "Chess Club Gori"]
[BlackTeam "Chess Club Rustavi"]
[WhiteFideId "13602535"]
[BlackFideId "13600702"]
[EventDate "2014.09.27"]

1. d4 Nf6 2. c4 e6 3. Nf3 b6 4. g3 Ba6 5. Qc2 c5 6. d5 exd5 7. cxd5 d6 8. Nc3 g6
9. a4 Bg7 10. Bg2 O-O 11. O-O Re8 12. Re1 Nbd7 13. Bf4 Qe7 14. h3 Ne4 15. Nb5
Ndf6 16. Nd2 Bxb5 17. Nxe4 Nxe4 18. axb5 f5 19. Ra4 Bd4 20. e3 Bf6 21. g4 Bh4
22. Rf1 Nxf2 23. Rxf2 g5 24. Bh2 Qxe3 25. gxf5 Bxf2+ 26. Qxf2 Qc1+ 27. Bf1 Qd1
28. f6 Qxa4 29. f7+ Kg7 30. Bxd6 Qe4 31. fxe8=Q Rxe8 32. Bg2 Qg6 33. Bg3 h5 34.
d6 Qd3 35. h4 gxh4 36. Bf4 h3 37. Bf1 Qd1 38. Bh6+ Kg6 39. Bf4 c4 40. Kh2 Re1
41. Qg3+ Kh7 42. Qg5 Qc2+ 43. Kxh3 Rxf1 44. Qh6+ Kg8 45. Qe6+ Kg7 46. Be5+ Kh7
47. Qe7+ Kg6 48. Qg7+ Kf5 49. Qh7+ Kxe5 50. Qxc2 Kxd6 51. Qxc4 Rf5 52. Qc6+ Ke7
53. b4 Rf7 54. Kg3 Rg7+ 55. Kf4 h4 56. Qc7+ Kf6 57. Qe5+ Kf7 58. Qh5+ Ke7 59.
Qxh4+ Kd7 60. Qh8 Rf7+ 61. Ke5 Re7+ 62. Kd5 Rf7 63. Qb8 Rf5+ 64. Kc4 Rf6 65.
Qxa7+ Kc8 66. Kd5 Rh6 67. Qg7 Rh1 68. Kc6 1-0

[Event "TCh-GEO Club 2014"]
[Site "Ureki GEO"]
[Date "2014.09.27"]
[Round "1.1"]
[White "Pantsulaia, Levan"]
[Black "Khakhutashvili, Alexandre"]
[Result "1-0"]
[WhiteTitle "GM"]
[WhiteElo "2590"]
[BlackElo "1809"]
[WhiteTeam "Chess Club Rustavi"]
[BlackTeam "Chess Club Gori"]
[WhiteFideId "13602071"]
[BlackFideId "13605313"]
[EventDate "2014.09.27"]

1. Nf3 c5 2. c4 Nc6 3. Nc3 g6 4. e3 Bg7 5. d4 cxd4 6. exd4 d6 7. Be2 Nf6 8. d5
Ne5 9. Nxe5 dxe5 10. O-O O-O 11. c5 Qa5 12. Be3 Rd8 13. Qb3 Rb8 14. h3 e6 15.
Bc4 exd5 16. Nxd5 Nxd5 17. Bxd5 Qc7 18. Rfd1 Re8 19. Qa4 Be6 20. Qxa7 Bxd5 21.
Rxd5 Ra8 22. Qb6 Qxb6 23. cxb6 e4 24. Rd7 Bxb2 25. Rb1 Rxa2 26. Rd2 1-0

[Event "TCh-GEO Club 2014"]
[Site "Ureki GEO"]
[Date "2014.09.27"]
[Round "1.1"]
[White "Dotiashvili, Vasil"]
[Black "Paichadze, Luka"]
[Result "0-1"]
[BlackTitle "GM"]
[WhiteElo "1800"]
[BlackElo "2543"]
[WhiteTeam "Chess Club Gori"]
[BlackTeam "Chess Club Rustavi"]
[WhiteFideId "13606085"]
[BlackFideId "13602934"]
[EventDate "2014.09.27"]

1. e4 c6 2. d4 d5 3. Nc3 dxe4 4. Nxe4 Nf6 5. Nxf6+ gxf6 6. c3 Bf5 7. Ne2 h5 8.
Ng3 Bg6 9. h4 Nd7 10. Bf4 e5 11. Be3 Qc7 12. Be2 O-O-O 13. Qa4 a6 14. O-O Nb6
15. Qb3 e4 16. c4 Nd7 17. c5 f5 18. f4 Nf6 19. Qa4 Bg7 20. Bd2 Ng4 21. Bc3 Rd5
22. Nh1 Rhd8 23. Bxg4 Bxd4+ 24. Bxd4 Rxd4 25. Bxf5+ Bxf5 26. Qb3 Rd3 27. Qc2 Qe7
28. g3 e3 29. Rfe1 Be4 30. Qe2 Qe6 0-1

[Event "TCh-GEO Club 2014"]
[Site "Ureki GEO"]
[Date "2014.09.27"]
[Round "1.1"]
[White "Khurtsidze, Nino"]
[Black "Kasoshvili, Tsiala"]
[Result "0-1"]
[WhiteTitle "IM"]
[BlackTitle "WIM"]
[WhiteElo "2467"]
[BlackElo "2161"]
[WhiteTeam "Chess Club Rustavi"]
[BlackTeam "Chess Club Gori"]
[WhiteFideId "13600320"]
[BlackFideId "13600354"]
[EventDate "2014.09.27"]

1. d4 Nf6 2. c4 e6 3. Nf3 b6 4. e3 Bb7 5. Bd3 Bb4+ 6. Nbd2 O-O 7. O-O Bxd2 8.
Nxd2 d6 9. Qc2 Nbd7 10. b4 c5 11. bxc5 bxc5 12. Nb3 Qc7 13. Bb2 Rfe8 14. dxc5
dxc5 15. Rfd1 Ng4 16. Bxh7+ Kh8 17. Be4 Qxh2+ 18. Kf1 Bxe4 19. Qxe4 Ndf6 20. Qf3
Ne5 21. Bxe5 Qxe5 22. Qf4 Qh5 23. Qf3 Qh4 24. Rac1 Rad8 25. Rxd8 Rxd8 26. g3 Qg5
27. Qc6 Qf5 28. Qxc5 e5 29. Qa5 Rd7 30. Kg2 Qe4+ 31. Kg1 Ng4 32. Qe1 Rd6 33. Nd2
Qh7 34. Nf1 Rh6 35. Qd1 Rh1+ 36. Kg2 Qh3+ 37. Kf3 Nh2+ 38. Nxh2 Rxd1 39. Rxd1
Qxh2 40. Rd7 Qh5+ 41. Kg2 Qf5 42. Rxa7 Qe4+ 43. Kg1 Qxc4 44. a4 Kh7 45. a5 Kg6
46. a6 Qc1+ 47. Kg2 Qc6+ 48. Kg1 Qb6 49. Ra8 Qb1+ 50. Kh2 Qf1 51. f4 Qf2+ 52.
Kh3 Qg1 0-1

[Event "TCh-GEO Club 2014"]
[Site "Ureki GEO"]
[Date "2014.09.27"]
[Round "1.1"]
[White "Licheli, Luka"]
[Black "Beradze, Irakli"]
[Result "1/2-1/2"]
[WhiteElo "1925"]
[BlackElo "2326"]
[WhiteTeam "Chess Club Gori"]
[BlackTeam "Chess Club Rustavi"]
[WhiteFideId "13602500"]
[BlackFideId "13604597"]
[EventDate "2014.09.27"]

1. e4 e6 2. d3 c5 3. g3 Nc6 4. Bg2 d6 5. Ne2 Nf6 6. f4 Be7 7. c4 O-O 8. Nbc3 Bd7
9. O-O a6 10. h3 Rb8 11. Be3 b5 12. b3 Ne8 13. Qd2 Nc7 14. g4 b4 15. Nd1 e5 16.
f5 Nd4 17. Ng3 Bh4 18. Kh2 f6 19. Nh5 Be8 20. Bf2 Bg5 21. Be3 a5 22. Bxg5 fxg5
23. Ng3 a4 24. Rb1 Ra8 25. Ne2 Qe7 26. Ne3 Bc6 27. Nc1 Ne8 28. Rf2 Nf6 29. Nf1
h5 30. Ng3 Ra7 31. gxh5 Nh7 32. Nce2 Bd7 33. Nxd4 exd4 34. Bf3 axb3 35. axb3 Qe5
36. Kg2 Rfa8 37. Qc1 Bc6 38. Rfb2 Qf6 39. Qd2 Nf8 40. Rf1 Nd7 41. Bd1 Ne5 42.
Rf2 Be8 43. Rf1 Kf8 44. Rg1 Ke7 1/2-1/2

[Event "TCh-GEO Club 2014"]
[Site "Ureki GEO"]
[Date "2014.09.27"]
[Round "1.3"]
[White "Jobava, Baadur"]
[Black "Shalamberidze, Akaki"]
[Result "1-0"]
[WhiteTitle "GM"]
[BlackTitle "IM"]
[WhiteElo "2708"]
[BlackElo "2406"]
[WhiteTeam "Chess Club Tbilisi"]
[BlackTeam "Chess Club Guria"]
[WhiteFideId "13601520"]
[BlackFideId "13600532"]
[EventDate "2014.09.27"]

1. d4 d5 2. Bf4 Nf6 3. Nc3 e6 4. e3 Bb4 5. Bd3 c5 6. dxc5 Nbd7 7. Ne2 Nxc5 8. a3
Nxd3+ 9. Qxd3 Ba5 10. O-O-O O-O 11. Bg5 h6 12. h4 Bd7 13. g4 Bc6 14. Rh3 e5 15.
Qf5 Re8 16. Bxf6 Qxf6 17. Qxf6 gxf6 18. Nxd5 Re6 19. Ng3 Rd8 20. e4 Kf8 21. Nf5
Bb6 22. Nxb6 Rxd1+ 23. Kxd1 axb6 24. Rd3 h5 25. Rd8+ 1-0

[Event "TCh-GEO Club 2014"]
[Site "Ureki GEO"]
[Date "2014.09.27"]
[Round "1.3"]
[White "Chkhaidze, Nikoloz"]
[Black "Mchedlishvili, Mikheil"]
[Result "0-1"]
[BlackTitle "GM"]
[WhiteElo "2227"]
[BlackElo "2603"]
[WhiteTeam "Chess Club Guria"]
[BlackTeam "Chess Club Tbilisi"]
[WhiteFideId "13601750"]
[BlackFideId "13600966"]
[EventDate "2014.09.27"]

1. Nf3 d5 2. c4 d4 3. b4 f6 4. d3 e5 5. Qb3 a5 6. b5 Nd7 7. Qc2 Bb4+ 8. Nbd2 Nc5
9. a3 Bc3 10. Bb2 Bxb2 11. Qxb2 a4 12. g3 b6 13. Bg2 Bb7 14. O-O Ne7 15. Ne1
Bxg2 16. Kxg2 Qd7 17. Ne4 Ne6 18. Nf3 Ng6 19. c5 f5 20. c6 Qd5 21. Ned2 e4 22.
dxe4 fxe4 23. Ne1 Nc5 24. Nc2 O-O-O 25. Rad1 h5 26. h4 Rhe8 27. e3 d3 28. Nd4
Rd6 29. Rc1 Rf8 30. Qb4 Kd8 31. Nc4 Rdf6 32. Na5 Ke8 33. Nb7 Qa2 34. Nc2 Qf7 35.
Nxc5 Rxf2+ 0-1

[Event "TCh-GEO Club 2014"]
[Site "Ureki GEO"]
[Date "2014.09.27"]
[Round "1.3"]
[White "Shanava, Konstantine"]
[Black "Chkhikvishvili, Mindia"]
[Result "1-0"]
[WhiteTitle "GM"]
[WhiteElo "2550"]
[BlackElo "2050"]
[WhiteTeam "Chess Club Tbilisi"]
[BlackTeam "Chess Club Guria"]
[WhiteFideId "13601784"]
[BlackFideId "13603736"]
[EventDate "2014.09.27"]

1. e4 c5 2. Nc3 Nc6 3. Nf3 g6 4. d4 cxd4 5. Nxd4 Bg7 6. Be3 d6 7. Qd2 Nf6 8. f3
Bd7 9. O-O-O Nxd4 10. Bxd4 O-O 11. g4 Rc8 12. h4 Be6 13. Kb1 a6 14. h5 b5 15.
Nd5 Nxd5 16. Bxg7 Kxg7 17. exd5 Bd7 18. hxg6 1-0

[Event "TCh-GEO Club 2014"]
[Site "Ureki GEO"]
[Date "2014.09.27"]
[Round "1.3"]
[White "Imnadze, Nato"]
[Black "Gvetadze, Sofio"]
[Result "0-1"]
[WhiteTitle "WFM"]
[BlackTitle "IM"]
[WhiteElo "2082"]
[BlackElo "2361"]
[WhiteTeam "Chess Club Guria"]
[BlackTeam "Chess Club Tbilisi"]
[WhiteFideId "13600974"]
[BlackFideId "13601440"]
[EventDate "2014.09.27"]

1. e4 c6 2. d4 d5 3. Nc3 dxe4 4. Nxe4 Nf6 5. Nxf6+ exf6 6. c3 Bd6 7. Bd3 O-O 8.
Qc2 h6 9. Ne2 Qc7 10. Be3 Be6 11. Qd2 Re8 12. Ng3 Nd7 13. O-O h5 14. Nxh5 Bxh2+
15. Kh1 Bd6 16. Bf4 Nb6 17. Rfe1 Bc4 18. Bc2 Qd7 19. Nxf6+ gxf6 20. Bxd6 Kg7 21.
Qf4 Rh8+ 22. Kg1 Rh5 23. Re7 Qd8 24. Qe4 Qxd6 25. Qg6+ Kf8 26. Qxh5 Kxe7 27. Bf5
Re8 28. b3 Be6 29. Re1 Kd8 30. Bc2 Bd7 31. Rd1 Qd5 32. Qh7 Kc8 33. c4 Qe6 34. a4
a5 35. Qh6 Qe2 36. Rc1 Qe7 37. d5 cxd5 38. cxd5 Kb8 39. Qf4+ Qe5 0-1

[Event "TCh-GEO Club 2014"]
[Site "Ureki GEO"]
[Date "2014.09.27"]
[Round "1.3"]
[White "Khomeriki, Nino"]
[Black "Kuridze, Mishiko"]
[Result "1-0"]
[WhiteTitle "WFM"]
[WhiteElo "2158"]
[BlackElo "1647"]
[WhiteTeam "Chess Club Tbilisi"]
[BlackTeam "Chess Club Guria"]
[WhiteFideId "13603191"]
[BlackFideId "13608100"]
[EventDate "2014.09.27"]

1. Nf3 c5 2. c4 d6 3. Nc3 Nc6 4. g3 Nf6 5. Bg2 e6 6. O-O Be7 7. a3 O-O 8. Rb1 d5
9. d4 dxc4 10. dxc5 Bxc5 11. Qa4 Na5 12. Ne5 Qc7 13. Bf4 Qb6 14. Bg5 Be7 15. Ne4
Nd5 16. Bxe7 Nxe7 17. Rfd1 Qc7 18. Nd6 Rb8 19. Nexc4 Nxc4 20. Qxc4 Qxc4 21. Nxc4
b5 22. Nd6 Nf5 23. Rbc1 g6 24. Ne4 Kg7 25. Rc7 a6 26. Nc5 Re8 27. e4 Ne7 28. b4
Rb6 29. e5 h5 30. Rd6 Rb8 31. Nd7 Bxd7 32. Rdxd7 Kf8 33. Bb7 Rbd8 34. Bxa6 Rxd7
35. Rxd7 Ra8 36. Rd6 Nf5 37. Rb6 Nd4 38. Kg2 Nc2 39. Bxb5 Rxa3 40. Rb8+ Kg7 41.
Be8 Ra7 42. b5 Nb4 43. b6 Re7 44. Bb5 g5 45. b7 1-0

[Event "TCh-GEO Club 2014"]
[Site "Ureki GEO"]
[Date "2014.09.28"]
[Round "2.1"]
[White "Gelashvili, Tamaz"]
[Black "Nigalidze, Gaioz"]
[Result "1-0"]
[WhiteTitle "GM"]
[BlackTitle "GM"]
[WhiteElo "2565"]
[BlackElo "2538"]
[WhiteTeam "Chess Club Rustavi"]
[BlackTeam "Chess Club Nona (Adjara)"]
[WhiteFideId "13600702"]
[BlackFideId "13603078"]
[EventDate "2014.09.27"]

1. e4 c5 2. b3 Nf6 3. e5 Nd5 4. Bb2 g6 5. Bc4 Nb6 6. Bd3 Bg7 7. f4 Nc6 8. Nf3 d6
9. Bb5 Nd5 10. g3 O-O 11. Nc3 Nxc3 12. Bxc3 Nd4 13. Bxd4 cxd4 14. O-O dxe5 15.
Nxe5 a6 16. Bd3 f6 17. Nf3 e5 18. fxe5 fxe5 19. Qe2 Bh3 20. Rf2 Re8 21. Re1 b5
22. a4 bxa4 23. bxa4 a5 24. Bb5 Bd7 25. Bxd7 Qxd7 26. Qc4+ Kh8 27. Ng5 h6 28.
Rf7 Qc8 29. Rc7 Qa6 30. Qf7 Qf6 31. Qxf6 Bxf6 32. Nf7+ Kg7 33. Nxe5+ Re7 34.
Rxe7+ Bxe7 35. Nc4 Bb4 36. Re6 Rc8 37. d3 Bc3 38. h4 Rb8 39. Kg2 Rb4 40. Nxa5
Rxa4 41. Nc4 Ra2 42. Ne5 g5 43. h5 Rxc2+ 44. Kf3 Rh2 45. g4 Bb4 46. Rb6 Bf8 47.
Ke4 Kh7 48. Kxd4 Bg7 49. Kd5 Bxe5 50. Kxe5 Re2+ 51. Kd5 Rg2 52. Rb4 Rg3 53. Rd4
Kg7 54. Kc4 Kf6 55. Re4 Rg1 56. d4 Rc1+ 57. Kb5 Rf1 58. d5 Rf4 59. Rxf4+ gxf4
60. Kc4 Ke5 61. g5 Ke4 62. Kc3 Kxd5 1-0

[Event "TCh-GEO Club 2014"]
[Site "Ureki GEO"]
[Date "2014.09.28"]
[Round "2.1"]
[White "Jojua, Davit"]
[Black "Pantsulaia, Levan"]
[Result "1-0"]
[WhiteTitle "GM"]
[BlackTitle "GM"]
[WhiteElo "2571"]
[BlackElo "2590"]
[WhiteTeam "Chess Club Nona (Adjara)"]
[BlackTeam "Chess Club Rustavi"]
[WhiteFideId "13602543"]
[BlackFideId "13602071"]
[EventDate "2014.09.27"]

1. d4 Nf6 2. c4 c5 3. d5 g6 4. Nc3 Bg7 5. e4 O-O 6. Nf3 e6 7. Bd3 exd5 8. cxd5
d6 9. h3 Nbd7 10. O-O Re8 11. Re1 Nh5 12. Bg5 Bf6 13. Be3 Ne5 14. Be2 Nxf3+ 15.
Bxf3 Ng7 16. Qd2 Be5 17. Bf4 Bd7 18. a4 Qe7 19. Bxe5 Qxe5 20. Bg4 Bxg4 21. hxg4
a6 22. Rad1 b5 23. axb5 axb5 24. f4 Qe7 25. e5 dxe5 26. d6 Qh4 27. fxe5 Qxg4 28.
Ne4 Nh5 29. d7 Red8 30. Qh6 Ra6 31. Ng5 Rxd7 32. e6 1-0

[Event "TCh-GEO Club 2014"]
[Site "Ureki GEO"]
[Date "2014.09.28"]
[Round "2.1"]
[White "Paichadze, Luka"]
[Black "Batsiashvili, Nino"]
[Result "1/2-1/2"]
[WhiteTitle "GM"]
[BlackTitle "IM"]
[WhiteElo "2543"]
[BlackElo "2426"]
[WhiteTeam "Chess Club Rustavi"]
[BlackTeam "Chess Club Nona (Adjara)"]
[WhiteFideId "13602934"]
[BlackFideId "13602993"]
[EventDate "2014.09.27"]

1. e4 d5 2. exd5 Qxd5 3. Nc3 Qa5 4. d4 c6 5. Nf3 Bf5 6. Ne5 Nf6 7. Bf4 e6 8. g4
Bg6 9. h4 Bb4 10. Rh3 O-O 11. h5 Be4 12. Qe2 Bd5 13. Bd2 Nfd7 14. a3 c5 15. dxc5
Nxe5 16. Qxe5 Nc6 17. Qe3 Rad8 18. Rd1 Bxc5 19. Nxd5 Rxd5 20. Bxa5 Rxd1+ 21.
Kxd1 Bxe3 22. Rxe3 Nxa5 23. Rc3 Rd8+ 24. Ke1 Nc6 25. Bg2 Rd6 26. Bxc6 Rxc6 27.
Rxc6 bxc6 28. b4 f6 29. f4 Kf7 30. Ke2 Ke7 31. Ke3 Kd6 32. Kd4 h6 33. c4 c5+ 34.
Kd3 Kc6 35. Kc3 Kb6 36. Kb3 a5 37. b5 Kc7 38. Ka4 Kb6 39. Kb3 Kc7 40. f5 e5 41.
Kc3 a4 42. Kd3 Kd7 43. Ke3 Kc7 44. Ke4 Kd6 1/2-1/2

[Event "TCh-GEO Club 2014"]
[Site "Ureki GEO"]
[Date "2014.09.28"]
[Round "2.1"]
[White "Melia, Salome"]
[Black "Khurtsidze, Nino"]
[Result "1-0"]
[WhiteTitle "IM"]
[BlackTitle "IM"]
[WhiteElo "2464"]
[BlackElo "2467"]
[WhiteTeam "Chess Club Nona (Adjara)"]
[BlackTeam "Chess Club Rustavi"]
[WhiteFideId "13602446"]
[BlackFideId "13600320"]
[EventDate "2014.09.27"]

1. e4 c5 2. Nf3 e6 3. d4 cxd4 4. Nxd4 a6 5. Nc3 Qc7 6. Bd3 Nf6 7. f4 d6 8. O-O
Be7 9. Kh1 Nbd7 10. Qe2 b6 11. Bd2 Bb7 12. Rae1 Nc5 13. e5 Nxd3 14. cxd3 dxe5
15. fxe5 Nd5 16. Nxd5 Bxd5 17. Qg4 O-O 18. Bh6 g6 19. Bxf8 Rxf8 20. a3 b5 21.
Qe2 Qb6 22. Nf3 b4 23. axb4 Qxb4 24. Rc1 a5 25. Rc7 a4 26. Nd2 Bd8 27. Rc2 Qd4
28. Nf3 Qb4 29. Qd2 Qb5 30. Nd4 Qb6 31. Ne2 Be7 32. Nc3 Bb3 33. Rcc1 Qd4 34.
Rce1 Rd8 35. Ne4 Kg7 36. Qf4 Rf8 37. Rc1 Qxd3 38. Rc3 Qd8 39. Rh3 h5 40. Nf6 Bd1
41. Qc1 Be2 42. Re1 Ba6 43. Rxh5 Rh8 44. Rxh8 Qxh8 45. Qg5 Qd8 46. Qh4 Bxf6 47.
exf6+ Qxf6 48. Qxa4 Bb7 49. Qc2 e5 50. Qc3 Qf2 51. Rg1 Kh7 52. b4 e4 53. Qh3+
Kg7 54. Qd7 Ba8 55. Qc8 Bd5 56. Qc5 Qd2 57. Rc1 Kh7 58. Qc3 Qf2 59. Qh3+ Kg7 60.
Qg3 Qa2 61. Qe3 Kh7 62. h4 Qb2 63. Rd1 Bc6 64. Rd4 f5 65. Kh2 f4 66. Qd2 Qa1 67.
Rd6 e3 68. Qc2 Be8 69. Qe4 Qe1 70. Qxf4 e2 71. Re6 Qf1 72. Re7+ Kg8 73. Rxe8+
Kg7 74. Re7+ Kg8 75. Qb8+ 1-0

[Event "TCh-GEO Club 2014"]
[Site "Ureki GEO"]
[Date "2014.09.28"]
[Round "2.1"]
[White "Beradze, Irakli"]
[Black "Kumsiashvili, Nikoloz"]
[Result "1/2-1/2"]
[WhiteElo "2326"]
[BlackElo "2179"]
[WhiteTeam "Chess Club Rustavi"]
[BlackTeam "Chess Club Nona (Adjara)"]
[WhiteFideId "13604597"]
[BlackFideId "13600621"]
[EventDate "2014.09.27"]

1. Nf3 Nf6 2. g3 d5 3. c4 e6 4. Bg2 d4 5. d3 c5 6. e3 Nc6 7. exd4 cxd4 8. O-O
Bd6 9. Re1 O-O 10. a3 a5 11. Bg5 h6 12. Bxf6 Qxf6 13. Nbd2 Qe7 14. Nb3 Qd8 15.
Nbxd4 Nxd4 16. Nxd4 Bxg3 17. hxg3 Qxd4 18. Qd2 Rd8 19. Rad1 f5 20. Qe3 Ra6 21.
Qxd4 Rxd4 22. Re5 b6 23. Kf1 Ra7 24. Ke2 Kf7 25. Ke3 Rd6 26. b3 Rc7 27. Rd2 Kf6
28. f4 Ba6 29. b4 axb4 30. axb4 Rcd7 31. b5 Bb7 32. Bxb7 Rxb7 33. d4 Rbd7 34. d5
Rc7 35. Kd4 exd5 36. cxd5 Rc1 37. Rd3 Rb1 38. Kc4 Rc1+ 39. Rc3 Rd1 40. Rce3 Rc1+
41. Kb4 Rb1+ 42. Kc4 Rc1+ 43. Kb4 Rb1+ 44. Kc4 1/2-1/2

[Event "TCh-GEO Club 2014"]
[Site "Ureki GEO"]
[Date "2014.09.28"]
[Round "2.2"]
[White "Shalamberidze, Akaki"]
[Black "Fier, Alexandr"]
[Result "1-0"]
[WhiteTitle "IM"]
[BlackTitle "GM"]
[WhiteElo "2406"]
[BlackElo "2579"]
[WhiteTeam "Chess Club Guria"]
[BlackTeam "Chess Club Kakheti"]
[WhiteFideId "13600532"]
[BlackFideId "2107139"]
[EventDate "2014.09.27"]

1. c4 e5 2. Nc3 Nf6 3. Nf3 Nc6 4. g3 Nd4 5. Bg2 Nxf3+ 6. Bxf3 Bc5 7. d3 h6 8. a3
O-O 9. O-O c6 10. b4 Bd4 11. Qb3 d5 12. cxd5 Nxd5 13. Bb2 Bh3 14. Rfe1 Nb6 15.
a4 Be6 16. Qc2 a5 17. b5 Bd5 18. Nxd5 cxd5 19. Bxd4 exd4 20. Qd2 Qd6 21. Rec1
Rfc8 22. Rxc8+ Nxc8 23. Qb2 Qe5 24. b6 Ra6 25. Rc1 Nxb6 26. Qb5 g6 27. Rc5 Kg7
28. Qb3 Qf6 29. Rb5 Nd7 30. Qxd5 Nb6 31. Qb3 Nd7 32. Qd5 Nb6 33. Qb3 Nd7 34.
Bxb7 Re6 35. Be4 Re5 36. Rxe5 Qxe5 37. Kg2 Qc5 38. Bd5 Ne5 39. Qb7 Qc2 40. Qb6
Qxa4 41. Qa7 h5 42. Qe7 1-0

[Event "TCh-GEO Club 2014"]
[Site "Ureki GEO"]
[Date "2014.09.28"]
[Round "2.2"]
[White "Gagunashvili, Merab"]
[Black "Chkhaidze, Nikoloz"]
[Result "1-0"]
[WhiteTitle "GM"]
[WhiteElo "2573"]
[BlackElo "2227"]
[WhiteTeam "Chess Club Kakheti"]
[BlackTeam "Chess Club Guria"]
[WhiteFideId "13601652"]
[BlackFideId "13601750"]
[EventDate "2014.09.27"]

1. Nf3 Nf6 2. c4 g6 3. Nc3 d5 4. cxd5 Nxd5 5. Qa4+ Nc6 6. Nxd5 Qxd5 7. e4 Qa5 8.
Qxa5 Nxa5 9. d4 Nc6 10. Be3 Bg4 11. Rc1 Bxf3 12. gxf3 O-O-O 13. d5 Ne5 14. f4
Nd7 15. Bxa7 Bh6 16. Be3 Nf6 17. Rc4 Nh5 18. Bh3+ Kb8 19. Ra4 b6 20. Bf1 e6 21.
Bb5 c5 22. dxc6 1-0

[Event "TCh-GEO Club 2014"]
[Site "Ureki GEO"]
[Date "2014.09.28"]
[Round "2.2"]
[White "Javakhishvili, Lela"]
[Black "Imnadze, Nato"]
[Result "1-0"]
[WhiteTitle "IM"]
[BlackTitle "WFM"]
[WhiteElo "2476"]
[BlackElo "2082"]
[WhiteTeam "Chess Club Kakheti"]
[BlackTeam "Chess Club Guria"]
[WhiteFideId "13601458"]
[BlackFideId "13600974"]
[EventDate "2014.09.27"]

1. Nf3 Nf6 2. c4 c6 3. Nc3 d5 4. e3 g6 5. d4 a6 6. Be2 Bg7 7. O-O O-O 8. Qb3
dxc4 9. Bxc4 b5 10. Be2 Nbd7 11. Rd1 Qc7 12. a4 Bb7 13. Bd2 Rac8 14. Rac1 Qb8
15. Na2 Ne4 16. Ba5 Nd6 17. Qa3 Rfe8 18. b3 Ba8 19. Be1 Ne4 20. b4 Bb7 21. Rc2
Nd6 22. Nc1 Nb6 23. a5 Nbc4 24. Qa2 Rcd8 25. Nd3 Bc8 26. Nc5 Bf5 27. Rcc1 Qc8
28. Nd2 Nxd2 29. Bxd2 e5 30. Bc3 Ne4 31. Nxe4 Bxe4 32. dxe5 Bxe5 33. Bxe5 Rxe5
34. Qb2 Red5 35. Rxd5 Rxd5 36. Qf6 Rd2 37. Bf1 Qf5 38. Qxf5 gxf5 39. g3 Rb2 40.
Bg2 Rxb4 41. Bxe4 Rxe4 42. Rxc6 Re6 43. Rc5 Re4 44. Rc6 Re6 45. Rb6 Kg7 46. Kg2
Kf6 47. Kf3 Ke5 48. Rb7 Kd5 49. Kf4 Kc4 50. Rc7+ Kd3 51. Rxf7 b4 52. Rb7 Kc3 53.
Rb6 Re8 54. Rc6+ Kd3 55. Rb6 Kc3 56. Rc6+ Kb2 57. Rxa6 b3 58. Ra7 Ka3 59. Kxf5
b2 60. Rb7 Rf8+ 61. Kg5 Ka2 62. f4 b1=Q 63. Rxb1 Kxb1 64. e4 Kc2 65. e5 Kd3 66.
e6 Ke4 67. e7 Ra8 68. Kf6 Kd5 69. Kf7 Ra7 70. Kf8 1-0

[Event "TCh-GEO Club 2014"]
[Site "Ureki GEO"]
[Date "2014.09.28"]
[Round "2.2"]
[White "Kuridze, Mishiko"]
[Black "Keleptrishvili, Irakli"]
[Result "0-1"]
[WhiteElo "1647"]
[BlackElo "2168"]
[WhiteTeam "Chess Club Guria"]
[BlackTeam "Chess Club Kakheti"]
[WhiteFideId "13608100"]
[BlackFideId "13605801"]
[EventDate "2014.09.27"]

1. e4 c5 2. Nf3 Nc6 3. d4 cxd4 4. Nxd4 e6 5. c3 d6 6. b4 Nf6 7. f3 Be7 8. a4 O-O
9. Be3 d5 10. Nxc6 bxc6 11. e5 Nd7 12. f4 c5 13. b5 a6 14. c4 Bb7 15. Rg1 d4 16.
Bd2 f6 17. Qg4 fxe5 18. Qxe6+ Kh8 19. fxe5 Re8 20. Kd1 Bf6 21. Qh3 Nxe5 22. Ra3
Be4 23. Rb3 axb5 24. axb5 Ra1 25. Kc1 Qa8 26. Qh5 Bg6 0-1

[Event "TCh-GEO Club 2014"]
[Site "Ureki GEO"]
[Date "2014.09.28"]
[Round "2.3"]
[White "Chachua, Gocha"]
[Black "Jobava, Baadur"]
[Result "0-1"]
[BlackTitle "GM"]
[WhiteElo "1931"]
[BlackElo "2708"]
[WhiteTeam "Chess Club Samegrelo"]
[BlackTeam "Chess Club Tbilisi"]
[WhiteFideId "13610082"]
[BlackFideId "13601520"]
[EventDate "2014.09.27"]

1. e4 e6 2. d4 d5 3. Nc3 Nc6 4. Nf3 Nf6 5. Bd3 Bb4 6. Bg5 dxe4 7. Bxe4 h6 8.
Bxc6+ bxc6 9. Bd2 Ba6 10. Ne2 Bd6 11. O-O c5 12. c3 O-O 13. Re1 Qb8 14. Qc2 cxd4
15. cxd4 Bb7 16. Ng3 a5 17. Rac1 Bd5 18. b3 Qb7 19. Re3 Rfc8 20. Qd1 c5 21. Rec3
cxd4 22. Rxc8+ Rxc8 23. Rxc8+ Qxc8 24. Nxd4 Qa8 25. f3 h5 26. Be3 h4 27. Nf1 h3
28. gxh3 Bc5 29. Kf2 Nd7 30. Nb5 Qc6 31. Nd4 Qd6 32. Ng3 Bb7 33. Qa1 Ne5 34. f4
Nd3+ 0-1

[Event "TCh-GEO Club 2014"]
[Site "Ureki GEO"]
[Date "2014.09.28"]
[Round "2.3"]
[White "Mchedlishvili, Mikheil"]
[Black "Gamzardia, Giorgi"]
[Result "1-0"]
[WhiteTitle "GM"]
[BlackTitle "FM"]
[WhiteElo "2603"]
[BlackElo "2104"]
[WhiteTeam "Chess Club Tbilisi"]
[BlackTeam "Chess Club Samegrelo"]
[WhiteFideId "13600966"]
[BlackFideId "13603388"]
[EventDate "2014.09.27"]

1. d4 Nf6 2. c4 c6 3. Nf3 g6 4. Nc3 d5 5. e3 Bg7 6. Be2 O-O 7. O-O a6 8. a4 dxc4
9. Bxc4 Bg4 10. Be2 Nbd7 11. e4 Bxf3 12. Bxf3 e5 13. d5 cxd5 14. exd5 Rc8 15.
Re1 Re8 16. Rb1 Bf8 17. d6 e4 18. Nxe4 Nxe4 19. Rxe4 Rxe4 20. Bxe4 Nc5 21. Bd5
Qxd6 22. Qf3 Qd7 23. Be3 Nxa4 24. Bxb7 Rc2 25. Rd1 Qe7 26. b3 Nc5 27. Bd5 Rc3
28. h4 Bh6 29. Bxf7+ Qxf7 30. Qxf7+ Kxf7 31. Bxh6 Rxb3 32. Be3 Nb7 33. Rd7+ Ke6
34. Rxh7 Rb1+ 35. Kh2 a5 36. g4 Rb4 37. Kg3 a4 38. Rg7 Kf6 39. Rc7 Nd6 40. f3
Rb3 41. Bg5+ Ke6 42. Rg7 a3 43. Rxg6+ Kd5 44. Be7 Ne4+ 45. Kf4 Nc3 46. Ra6 a2
47. Bf6 Rb4+ 48. Kg5 Na4 49. h5 1-0